مقدمة في الإعاقات الشديدة والمتعددة / (رقم التسجيلة. 27969)

تفاصيل مارك
000 -الفاتح
حقل البيانات ثابتة الطول 00772nam a22002297a 4500
003 - محدد رقم الضبط
رقم الضبط OSt
005 - وقت وتاريخ اخر تعامل مع التسجيلة
رقم الضبط 20150408114118.0
008 - عناصر البيانات ثابتة الطول - معلومات عامة
حقل البيانات ثابتة الطول 130211s2013 jo a f b 00| 0 ara d
020 ## - الرقم الدولى المعيارى للكتب
الرقم الدولى المعيارى للكتاب 9789957920050
040 ## - مصدر الفهرسة
وكالة الفهرسة الأصلية MU
لغة الفهرسة ara
082 04 - رقم تصنيف ديوى العشرى
رقم الطبعة 21
رقم التصنيف 371.9
رقم المادة ي خ م
100 1# - المدخل الرئيسى - إسم شخصى
الإسم الشخصى يحيى، خولة أحمد
9 (RLIN) 21497
245 10 - بيان العنوان
العنوان مقدمة في الإعاقات الشديدة والمتعددة /
بيان المسئوليه,etc خوله أحمد يحيى.
250 ## - بيان الطبعة
بيان الطبعة ط. 1.
260 ## - PUBLICATION, DISTRIBUTION, ETC. (IMPRINT)
مكان الناشر او الموزع عمان، الأردن :
اسم الناشر او الموزع دار الفكر،
تاريخ النشر أو التوزيع 2013.
300 ## - الوصف المادى
التعداد 355 ص. :
تفاصيل ماديه اخرى للوعاء إيض. ؛
أبعاد الوعاء 24 سم.
504 ## - تبصرة ببليوجرافية
تبصرة ببليوجرافية,الخ ببليوجرافية : ص. 334-335.
650 #4 - المدخل الاضافى بالموضوع-مصطلح موضوعى
مصطلح موضوعي أو اسم جغرافي كعنصر مدخل المعوقون
التقسيم الفرعي العام تعليم.
650 #4 - المدخل الاضافى بالموضوع-مصطلح موضوعى
مصطلح موضوعي أو اسم جغرافي كعنصر مدخل المعوقون
التقسيم الفرعي العام رعاية.
9 (RLIN) 14984
650 #4 - المدخل الاضافى بالموضوع-مصطلح موضوعى
مصطلح موضوعي أو اسم جغرافي كعنصر مدخل التعليم الخاص.
942 ## - عناصر المدخل الإضافي( كوها)
مصدر التصنيف او مخطط الترفيف Dewey Decimal Classification
Koha [default] item type DVD
المقتنيات
حالة الفقد نموذج السعر الفعال حالة تلف ليس للاعارة رقم الطلب رقم النسخة تاريخ الاكتساب الموقع الحالي الباركود الفرع الرئيسي Date last seen نوع المادة فى نظام كوها مصدر التصنيف او خطة الترفيف Total Checkouts
  2013-03-10     371.9 ي خ م ن 1 2013-02-11 المكتبة المركزية بالمجمعة (CL) 00107597 المكتبة المركزية بالمجمعة (CL) 2013-03-10 كتاب Dewey Decimal Classification  
  2013-03-10     371.9 ي خ م ن 2 2013-02-11 المكتبة المركزية بالمجمعة (CL) 00107596 المكتبة المركزية بالمجمعة (CL) 2013-03-10 كتاب Dewey Decimal Classification  
  2013-03-10     371.9 ي خ م ن 3 2013-02-11 المكتبة المركزية بالمجمعة (CL) 00107595 المكتبة المركزية بالمجمعة (CL) 2013-03-10 كتاب Dewey Decimal Classification